| 000 | 00979 a2200241 4500 | ||
|---|---|---|---|
| 999 |
_c5142 _d5142 |
||
| 020 | _a9781849201322 (hbk.) | ||
| 020 | _a1849201323 (hbk.) | ||
| 020 | _a9781849201339 (pbk.) | ||
| 020 | _a1849201331 (pbk.) | ||
| 050 | 0 | 0 | _aLC 3986 WAL 2011 |
| 100 | 1 |
_aWall, Kate. _eAuthor |
|
| 245 | 1 | 0 |
_aSpecial needs and early years : _ba practitioner's guide / _cKate Wall. |
| 250 | _a3rd ed. | ||
| 264 |
_aLondon: _bSage Publications, _c2011 |
||
| 300 |
_axiv, 249 p. : _bill. ; |
||
| 500 | _aPrevious ed.: London: Paul Chapman, 2006. | ||
| 504 | _aIncludes bibliographical references (p. 227-240) and index. | ||
| 650 | 0 | _aEarly childhood special education | |
| 856 |
_uhttp://bvbr.bib-bvb.de:8991/F?func=service&doc_library=BVB01&doc_number=022637337&line_number=0001&func_code=DB_RECORDS&service_type=MEDIA _zInhaltsverzeichnis |
||
| 942 |
_2lcc _cBK _e3rd ed. _h3986 _iWAL _kLC |
||